REWAS 2013 Enabling Materials Resource Sustainability /

This volume compiles topics from the REWAS 2013 symposium at the TMS Annual Meeting, focusing on different aspects of sustainability. It discusses how to realize sustainability in such areas as transportation, the built environment, electrical and electronic equipment and infrastructure, energy prod...

Πλήρης περιγραφή

Λεπτομέρειες βιβλιογραφικής εγγραφής
Συγγραφή απο Οργανισμό/Αρχή: SpringerLink (Online service)
Άλλοι συγγραφείς: Kvithyld, Anne (Επιμελητής έκδοσης), Meskers, Christina (Επιμελητής έκδοσης), Kirchain, Randolph (Επιμελητής έκδοσης), Krumdick, Gregory (Επιμελητής έκδοσης), Mishra, Brajendra (Επιμελητής έκδοσης), Reuter, Markus (Επιμελητής έκδοσης), Wang, Cong (Επιμελητής έκδοσης), Schlesinger, Mark (Επιμελητής έκδοσης), Gaustad, Gabrielle (Επιμελητής έκδοσης), Lados, Diana (Επιμελητής έκδοσης), Spangenberger, Jeffrey (Επιμελητής έκδοσης)
Μορφή: Ηλεκτρονική πηγή Ηλ. βιβλίο
Γλώσσα:English
Έκδοση: Cham : Springer International Publishing : Imprint: Springer, 2016.
Θέματα:
Διαθέσιμο Online:Full Text via HEAL-Link
LEADER 02733nam a22005535i 4500
001 978-3-319-48763-2
003 DE-He213
005 20170303021136.0
007 cr nn 008mamaa
008 161205s2016 gw | s |||| 0|eng d
020 |a 9783319487632  |9 978-3-319-48763-2 
024 7 |a 10.1007/978-3-319-48763-2  |2 doi 
040 |d GrThAP 
050 4 |a TA404.6 
072 7 |a TGMT  |2 bicssc 
072 7 |a TEC021000  |2 bisacsh 
082 0 4 |a 620.11  |2 23 
245 1 0 |a REWAS 2013  |h [electronic resource] :  |b Enabling Materials Resource Sustainability /  |c edited by Anne Kvithyld, Christina Meskers, Randolph Kirchain, Gregory Krumdick, Brajendra Mishra, Markus Reuter, Cong Wang, Mark Schlesinger, Gabrielle Gaustad, Diana Lados, Jeffrey Spangenberger. 
264 1 |a Cham :  |b Springer International Publishing :  |b Imprint: Springer,  |c 2016. 
300 |a XXII, 428 p.  |b online resource. 
336 |a text  |b txt  |2 rdacontent 
337 |a computer  |b c  |2 rdamedia 
338 |a online resource  |b cr  |2 rdacarrier 
347 |a text file  |b PDF  |2 rda 
520 |a This volume compiles topics from the REWAS 2013 symposium at the TMS Annual Meeting, focusing on different aspects of sustainability. It discusses how to realize sustainability in such areas as transportation, the built environment, electrical and electronic equipment and infrastructure, energy production, and water systems. Enabling sustainability topics include the use of metals and materials processing, recycling and recovery, as well as process design and modeling. The book focuses on understanding sustainability through life cycle management and analysis, systems modeling and design, and education and consumer awareness. 
650 0 |a Materials science. 
650 0 |a Engineering  |x Materials. 
650 0 |a Waste management. 
650 1 4 |a Materials Science. 
650 2 4 |a Characterization and Evaluation of Materials. 
650 2 4 |a Waste Management/Waste Technology. 
650 2 4 |a Materials Engineering. 
700 1 |a Kvithyld, Anne.  |e editor. 
700 1 |a Meskers, Christina.  |e editor. 
700 1 |a Kirchain, Randolph.  |e editor. 
700 1 |a Krumdick, Gregory.  |e editor. 
700 1 |a Mishra, Brajendra.  |e editor. 
700 1 |a Reuter, Markus.  |e editor. 
700 1 |a Wang, Cong.  |e editor. 
700 1 |a Schlesinger, Mark.  |e editor. 
700 1 |a Gaustad, Gabrielle.  |e editor. 
700 1 |a Lados, Diana.  |e editor. 
700 1 |a Spangenberger, Jeffrey.  |e editor. 
710 2 |a SpringerLink (Online service) 
773 0 |t Springer eBooks 
776 0 8 |i Printed edition:  |z 9783319485805 
856 4 0 |u http://dx.doi.org/10.1007/978-3-319-48763-2  |z Full Text via HEAL-Link 
912 |a ZDB-2-CMS 
950 |a Chemistry and Materials Science (Springer-11644)